Trilogy. User's manual

Guardado en:
Detalles Bibliográficos
Formato: Libro
Lenguaje:inglés
Publicado: North Vancouver : Complete Logic Systems, 1987
Etiquetas: Agregar Etiqueta
Sin Etiquetas, Sea el primero en etiquetar este registro!

MARC

LEADER 00000nam a22000003a 4500
001 stu24
005 20201020161924.5
008 910507s1987----xxc-----------------eng-d
040 |a STU  |b slo 
041 0 |a eng 
044 |a xxc 
080 |a 681.32.06 
080 |a TRILOGY  |7 stu_us_auth*stu8225 
080 |a 519.682 
245 |a Trilogy. User's manual 
260 |a North Vancouver :  |b Complete Logic Systems,  |c 1987 
300 |a 283 s 
996 |b E74496  |c I*74496  |l II680  |s A  |a 24  |w stu24_0001